| 000 | 00472nam a22001817a 4500 | ||
|---|---|---|---|
| 003 | CEME | ||
| 005 | 20210628202519.0 | ||
| 008 | 210316b xxu||||| |||| 00| 0 eng d | ||
| 020 | _a07484-0122-9 | ||
| 040 | _c. | ||
| 082 | _a620.82 HEL | ||
| 100 |
_aHelander , Martin _960250 |
||
| 245 | _aA guide to the ergonomics of manufacturing | ||
| 260 |
_aUSA _bTAYLOR AND FRANCIS _c1995 |
||
| 300 | _a210P | ||
| 650 |
_aERGONOMICS OF MANUFACTURING _960251 |
||
| 942 |
_cBK _2ddc |
||
| 999 |
_c570031 _d570031 |
||